000 00949nac a22002657a 4500
001 BR7800372
003 BR-BrBNA
005 20240105114202.0
008 230509b bl.|||m| |||| 00| 0 por d
040 _aBR-BrBNA
_bpor
_cBiblioteca Nacional de Agricultura
072 _aM00; A50
090 _a8150 BR7800372
110 1 _aPrograma de Pesquisa e Desenvolvimento Pesqueiro do Brasil, Brasilia, DF (Brasil)
_97976
245 1 _aNavio de pesquisa "Cruz del Sur"; Relatorio do cruzeiro no. 4 de 1977. Levantamento hidroacustico da sardinha na costa catarinense
260 3 _aBrasilia, DF (Brasil):
_c1977.
300 _a12 p.
490 _aNavio de Pesquisa Cruz del Sur. Relatorio do Cruzeiro (Brazil)
_vno. 4
_x
650 _aDESENVOLVIMENTO PESQUEIRO
650 _aPROGRAMA DE PESQUISA
650 _aPESCA
650 _aSARDINHA
650 _aSANTA CATARINA
909 _a202312
_bLúcia Elande
_c55
_dLúcia Elande
942 _2AGRIS
_n0
_cMS
999 _c267876
_d267876